| 000 | 00900nam a2200325Ia 4500 | ||
|---|---|---|---|
| 001 | 3360 | ||
| 008 | 191123s9999 xx 000 0 und d | ||
| 041 | _aspa | ||
| 044 | _aag | ||
| 100 | _aBallester Peña, Juan Antonio, | ||
| 245 | 0 |
_aJuan Antonio Ballester Peña : _b1895 - 1978. Figuras y paisajes. |
|
| 260 |
_aBuenos Aires : _bMuseo Nacional de Arte Decorativo, _c1997. |
||
| 300 | _a64 p. | ||
| 500 | _aExposición realizada en el Museo Nacional de Arte Decorativo | ||
| 650 | _aARGENTINA | ||
| 650 | _aBALLESTER PEÑA, JUAN ANTONIO | ||
| 650 | _aBIOGRAFIAS | ||
| 650 | _aEXPOSICIONES | ||
| 650 | _aGRABADOS | ||
| 650 | _aMUSEO NACIONAL DE ARTE DECORATIVO, BUENOS AIRES | ||
| 650 | _aXILOGRAFIAS | ||
| 902 | _aM | ||
| 903 | _am | ||
| 904 | _am | ||
| 907 | _aImpreso | ||
| 911 | _aláminas color y b/n; 24 x 22 cm | ||
| 912 | _a1997 | ||
| 942 | _cLIBRO | ||
| 999 |
_c2833 _d2833 |
||